Мірило правовладдя (Запис № 358411)

МАРК-запис
000 -Лідер
fixed length control field 00766nam a22002297a 4500
001 - Контрольний номер
control field 127049
003 - Ідентифікатор контрольного номера
control field UA-OsUOA
005 - Дата та час останнього входження (трансакції)
control field 20230504161313.0
007 - Фіксоване поле фізичного опису
fixed length control field ta
008 - Елементи даних фіксованої довжини – загальна інформація
fixed length control field 20171117b un ||||| |||| 00| 0 ukr d
040 ## - Джерело каталогізації
Агенція оригінальної каталогізації UA-OsUOA
Мова каталогізації ukr
Агенція, яка здійснювала перезапис UA-OsUOA
Агенція, яка здійснювала модифікацію UA-OsUOA
041 ## - Код мови
Код мови тексту/ звукової доріжки чи окремого заголовка (П) ukr
080 ## - Індекс Універсальної десяткової класифікації
Індекс Універсальної десяткової класифікації (УДК) (НП) 340(4)(094)
090 ## - Локальний шифр розміщення
Класифікаційний індекс УДК 340(4)(094)
Авторський знак (НП) М71
245 ## - Відомості про назву
Назва (НП) Мірило правовладдя
Решта назви (НП) коментар; глосарій
Дані про відповідальність (НП) С. Головатий
260 ## - Публікація, розповсюдження і т.п. (Вихідні дані)
Місце публікації, розповсюдження і т.п. (П) К.
Ім’я/ наймення видавництва, розповсюджувача і т.п. (П) ВАІТЕ
Дата публікації, розповсюдження і т.п. (П) 2017
300 ## - Фізичний опис
Обсяг 163 с.
650 #7 - Додаткове предметне введення – тематичний термін
Тематичний термін чи географічна назва, як елемент введення (НП) 340 Право в цілому. Пропедевтика. Методи та допоміжні правничі науки
Джерело заголовка чи терміна UDC
942 ## - Додаткові елементи входу (Коха)
Тип елемента Koha Книги
Source of classification or shelving scheme Universal Decimal Classification
955 ## - Код типу видання за змістом
Код типу видання за змістом (НП) Наукові видання
Фонди
Стан вилучень Стан втрат Джерело класифікації або схеми стелажів Стан уражень Не для кредиту Постійне місце розташування Поточне розміщення Дата придбання Джерело придбання Вартість, звичайна ціна покупки Інвентарний номер Усього замовленно Повний номер виклику Штрих-код Дата останнього перегляду Ціна ефективна від Тип елемента Koha
    Universal Decimal Classification     АБ - Абонемент НБ АБ - Абонемент НБ 17/11/2017 51/2017 30.00 156907   340(4)(094) М71 156907 10/12/2021 17/11/2017 Книги
    Universal Decimal Classification     АБ - Абонемент НБ АБ - Абонемент НБ 17/11/2017 51/2017 30.00 156908   340(4)(094) М71 156908 10/12/2021 17/11/2017 Книги
    Universal Decimal Classification     АБ - Абонемент НБ АБ - Абонемент НБ 17/11/2017 51/2017 30.00 156909   340(4)(094) М71 156909 10/12/2021 17/11/2017 Книги
    Universal Decimal Classification     АБ - Абонемент НБ АБ - Абонемент НБ 17/11/2017 51/2017 30.00 156910   340(4)(094) М71 156910 10/12/2021 17/11/2017 Книги
    Universal Decimal Classification     АБ - Абонемент НБ АБ - Абонемент НБ 17/11/2017 51/2017 30.00 156911   340(4)(094) М71 156911 13/07/2022 17/11/2017 Книги
    Universal Decimal Classification     ЧЗ - Читальна зала ЧЗ - Читальна зала 17/11/2017 51/2017 30.00 156912   340(4)(094) М71 156912 06/02/2022 17/11/2017 Книги
    Universal Decimal Classification     ЧЗ - Читальна зала ЧЗ - Читальна зала 17/11/2017 51/2017 30.00 156913   340(4)(094) М71 156913 06/02/2022 17/11/2017 Книги
    Universal Decimal Classification     ЧЗ - Читальна зала ЧЗ - Читальна зала 17/11/2017 51/2017 30.00 156914   340(4)(094) М71 156914 06/02/2022 17/11/2017 Книги
    Universal Decimal Classification     ЧЗ - Читальна зала ЧЗ - Читальна зала 17/11/2017 51/2017 30.00 156915   340(4)(094) М71 156915 06/02/2022 17/11/2017 Книги
    Universal Decimal Classification     ЧЗ - Читальна зала ЧЗ - Читальна зала 17/11/2017 51/2017 30.00 156916   340(4)(094) М71 156916 06/02/2022 17/11/2017 Книги